00487nam 22001573 450000100060000001000250000610000410003110100080007220001090008021000440018921500200023322500340025331700070028760600260029480100090032032725 a7-5029-3918-0/P.1390 a20260416d u||y0pory50 ba aeng aAsia Summer Monsoon and Mesoscale Numerical SimulationfMacao Meteorological and Geophysical Bureau, ed. aChinacChina Meteorological Pressd2004 a291 p. d26 cm. aMMGB Collected PapershVol. 1 5IM xPrevisão Numérica gISBD